000 01696nam0a2200361 i 4500
001 RU\NLR\BIBL_A\011129317
005 20260607082945.0
010 _a9785945881945
_9500
021 _aRU
_b2016-33402
_92145
035 _a(NILC)RuMoRGB-008464692
035 _a(NLR Aleph) 011129317
090 _a11559026
_c11559026
100 _a20160516d2016 k y0rusy50 ca
101 0 _arus
102 _aRU
105 _aach|z|||000yd
200 1 _aТворец истории ХХ века Николай Николаевич Семёнов в атомном проекте СССР
_fА. К. Чернышёв
_gФГУП "Рос. федер. ядерный центр - Всерос. науч.-исслед. ин-т экспериментальной физики"
205 _a[2-е изд. (доп.)]
210 _aМосква
_cТОРУС ПРЕСС
_d2016
215 _a147 с.
_cил., портр., факс.
_d19х21 см
313 _aПред. изд. 2012 г.
320 _aБиблиогр.: с. 140-147
600 1 _aСемёнов
_bН.Н.
_f1896 - 1986
_gНиколай Николаевич
_91598876
_3RU\NLR\AUTH\661001926
675 _a623
686 1 _aГ5д(2)Семенов
686 1 _aЦ901д(2)Семенов
700 1 _8rus
_7ca
_aЧернышев
_bА. К.
_cд-р физ.-мат. наук
_f1945-
_gАлександр Константинович
_3RU\NLR\AUTH\77119652
_9102577
702 1 _4570
_7ca
_8rus
_aСеменов
_bН. Н.
_cфизикохимик, академик
_f1896-1986
_gНиколай Николаевич
_920034
_3RU\NLR\AUTH\7737045
801 0 _aRU
_bРГБ
_c20160421
_gRCR
942 _cBOOK
980 _aNBR